000 00466nam a2200181Ia 4500
001 21176
003 GE_BSU
008 181216s||||||||xx |||||||||||||| ||und||
040 _cGE_BSU
245 _aParis Match, du 17 AU 23 Aout №3561. 2017
260 _aParis
260 _c2017
300 _a104 p.29cm. ill.
653 _aParis Match, du 17 AU 23 Aout №3561. 2017
653 _aПериодика
653 _aპერიოდიკა
942 _cCR
999 _c54121
_d54121